000 00361 a2200109 4500
001 ART_7622
005 20260410161637.0
008 260409a
245 1 0 _aFideicomisos vinculados con negocios inmobiliarios. Algunas consideraciones fiscales
100 1 _aCalcagno, Gabriel A
773 0 _tConsultor tributario
_g- NÂș 5 (jul. 2007)
_wREV474
999 _c12995
_d12995